000
00188nam a22001097a 4500
040
_c
SK
082
_a
338
100
_a
NA
245
_a
Microeconomics
260
_a
NA
_b
NA
_c
NA
942
_c
EK
999
_c
9653
_d
9653